Statistics for World Capitals WITHOUT the Letter A (with a map)

Click here to take the quiz!

General Stats

  • This quiz has been taken 1,914 times
  • The average score is 180 of 196

Answers on the Map

Answers color-coded by a green-red scale on the quiz's map according to % correct below.
 

Answer Stats

capital% Correct
Abu Dhabi
100%
Abuja
100%
Accra
100%
Addis Ababa
100%
Algiers
100%
Amman
100%
Amsterdam
100%
Andorra la Vella
100%
Ankara
100%
Antananarivo
100%
Apia
100%
Ashgabat
100%
Asmara
100%
Astana
100%
Asuncion
100%
Athens
100%
Baghdad
100%
Baku
100%
Bamako
100%
Bandar Seri
Begawan
100%
Bangkok
100%
Bangui
100%
Banjul
100%
Basseterre
100%
Belgrade
100%
Belmopan
100%
Bissau
100%
Bogotá
100%
Brasília
100%
Bratislava
100%
Brazzaville
100%
Bucharest
100%
Budapest
100%
Buenos Aires
100%
Bujumbura
100%
Cairo
100%
Canberra
100%
Caracas
100%
Chisinau
100%
Conakry
100%
Copenhagen
100%
Dakar
100%
Damascus
100%
Dhaka
100%
Dodoma
100%
Doha
100%
Dushanbe
100%
Funafuti
100%
Gaborone
100%
Guatemala City
100%
Hanoi
100%
Harare
100%
Havana
100%
Honiara
100%
Islamabad
100%
Jakarta
100%
Jerusalem
100%
Juba
100%
Kabul
100%
Kampala
100%
Kathmandu
100%
Khartoum
100%
Kigali
100%
Kinshasa
100%
Kuala Lumpur
100%
Kuwait City
100%
Lima
100%
Ljubljana
100%
Luanda
100%
Lusaka
100%
Madrid
100%
Majuro
100%
Malabo
100%
Male
100%
Managua
100%
Manama
100%
Manila
100%
Maputo
100%
Maseru
100%
Mbabane
100%
Mogadishu
100%
Monaco
100%
Monrovia
100%
Muscat
100%
Nairobi
100%
Nassau
100%
Naypyidaw
100%
N'Djamena
100%
Niamey
100%
Nicosia
100%
Nouakchott
100%
Nuku'alofa
100%
Ottawa
100%
Ouagadougou
100%
Palikir
100%
Panama City
100%
Paramaribo
100%
Paris
100%
Podgorica
100%
Port-au-Prince
100%
Port-of-Spain
100%
Port-Vila
100%
Prague
100%
Praia
100%
Pristina
100%
Pyongyang
100%
Rabat
100%
Reykjavik
100%
Riga
100%
Riyadh
100%
Roseau
100%
Saint George's
100%
Saint John's
100%
Sana'a
100%
San Jose
100%
San Marino
100%
San Salvador
100%
Santiago
100%
Santo Domingo
100%
Sao Tome
100%
Sarajevo
100%
Singapore
100%
Sofia
100%
Suva
100%
Taipei
100%
Tallinn
100%
Tarawa
100%
Tashkent
100%
Tegucigalpa
100%
Tehran
100%
Tirana
100%
Ulaanbaatar
100%
Vaduz
100%
Valletta
100%
Victoria
100%
Vienna
100%
Vientiane
100%
Warsaw
100%
Washington
100%
Yamoussoukro
100%
Yaounde
100%
Yaren
100%
Yerevan
100%
Zagreb
100%
Moscow
89%
London
88%
Oslo
88%
Dublin
86%
Lisbon
86%
Stockholm
86%
Tokyo
86%
Helsinki
85%
Beijing
84%
Vatican City
84%
Berlin
83%
Mexico City
82%
Rome
82%
Seoul
82%
Brussels
81%
Wellington
81%
Bern
80%
Minsk
80%
Kiev
79%
Montevideo
79%
Quito
78%
Vilnius
78%
Luxembourg
75%
New Delhi
74%
Tunis
71%
Kingston
69%
Sucre
69%
Dili
67%
Tripoli
67%
Skopje
66%
Tbilisi
66%
Beirut
65%
Georgetown
65%
Windhoek
65%
Port Moresby
63%
Bishkek
62%
Freetown
62%
Djibouti
61%
Lomé
61%
Port Louis
61%
Phnom Penh
58%
Castries
57%
Thimphu
57%
Bridgetown
54%
Kingstown
54%
Porto-Novo
54%
Libreville
52%
Moroni
51%
Lilongwe
49%
Bloemfontein
42%
Ngerulmud
41%
Colombo
38%

Score Distribution

Percentile by Number Answered

Percent of People with Each Score

Your Score History

You have not taken this quiz